| 000 | 00802nam a2200229 a 4500 | ||
|---|---|---|---|
| 005 | 20210223124153.0 | ||
| 008 | 010609s1997 mx r 000 0 spa d | ||
| 020 | _a0160492548 | ||
| 035 | _aUPN01000107877 | ||
| 049 | _aCG | ||
| 050 | 4 |
_aLB1048.5 _bF9.3 |
|
| 100 | 1 | _aFunkhouser, Janie E. | |
| 245 | 1 | 0 |
_aFamily involvement in children's education : _bsuccessful local approaches / _cJanie E. Funkhouser, Miriam R. Gonzales, Uliver C. Moles. |
| 260 |
_aWashington D.C. : _bU.S. Department of Education, _c1997 |
||
| 300 | _a158 p. en varias paginaciones | ||
| 440 | 3 | _aAn idea book | |
| 650 | 4 |
_aEDUCACION - _xPARTICIPACION DE LOS PADRES - _zESTADOS UNIDOS _917774 |
|
| 650 | 4 | _aHOGAR Y ESCUELA | |
| 700 | 1 |
_aGonzales, Oliver C., _ecoaut. |
|
| 700 | 1 |
_aMoles, Oliver C., _ecoaut. |
|
| 905 | _aLibro | ||
| 999 |
_c81789 _d81789 |
||